| 000 | 00709nam a22002177a 4500 | ||
|---|---|---|---|
| 999 |
_c13477 _d13477 |
||
| 003 | AR-CdUCM | ||
| 008 | 190415b ||||| |||| 00| 0 spa d | ||
| 040 |
_aMUNICIPALIDAD PROVINCIAL DEL CUSCO _cBIBLIOTECA MUNICIPAL DEL CUSCO |
||
| 082 |
_a348.41 / _bC81 / 1974 |
||
| 110 |
_aCongreso de la República Peruana _931909 |
||
| 245 | _aLey de reforma agraria N° 15037 / | ||
| 260 |
_aLima : _bImpr. Colegio militar Leoncio Prado, _c[1974]. |
||
| 300 |
_a83 páginas ; _c21 cm. |
||
| 505 | _aContenido: Ley de reforma agraria. | ||
| 650 |
_aReforma agraria _91861 |
||
| 650 |
_aLegislación _92962 |
||
| 650 |
_aLey 15037 _931910 |
||
| 650 |
_aPerú _935 |
||
| 942 |
_2ddc _cLIBROS |
||
| 945 |
_aacv _d2019-04-15 |
||